000 00412pab a2200169 454500
008 180718b1999 xxu||||| |||| 00| 0 eng d
100 _aPadgaonkar, Dileep
245 _aOperation vijay: pointed into a tight corner
260 _c1999
300 _ap.12
362 _a8 Jun
650 _aInternational relations
650 _aWar
650 _aKargil conflict
773 _aTimes of India
909 _a42069
999 _c42069
_d42069